The Hunger Games Quotes! - Statistics

General Stats
  • This quiz has been taken 314 times
  • The average score is 12 of 15
Answer Stats
Quote Answer % Correct
"I never want to have kids" Katniss
100%
"Ladies first!" Effie
96%
"Leave the district. Run off" Gale
96%
"He was drunk.He's drunk every year" Peeta
93%
"Quack" Prim
92%
"Lots of....Spunk!" Haymitch
91%
"Shoot me and he goes down with me" Cato
89%
"Forget it District 12. We're going to kill you" Clove
83%
"I asked for District 12" Cinna
79%
"Here, take this Cato" Glimmer
77%
"Do you get all the coal you want?" Rue
75%
"You're killing us. Details. Details" Caesar
68%
"You're just so hairy!" Venia
54%
"Let the 74th Hunger Games begin!" Claudius
51%
"Good Luck Katniss" Madge
50%
No matching quizzes found
Score Distribution
Percent of People with Each Score
Percentile by Number Answered
Your Score History
You have not taken this quiz